Vládny Jak-40 naposledy pristál v Košiciach, skončí v múzeu

Bibliographic Details
Format: Article
Language:Slovak
PhysicalDescription:Fotogr.
ISSN:1338-659X
Subjects:

MARC

LEADER 00000nab a2200000 a 4500
001 vtls011598751
003 SK-MaSNL
005 20260303234459.0
008 161209c20161208xo drz 0 0slo
038 |a KEVKJB 
040 |a KEVKJB  |b slo  |c KEVKJB  |e AACR2 
041 0 |a slo 
044 |a xo  |c SK 
080 |a 629.73  |2 2011 
245 0 0 |a Vládny Jak-40 naposledy pristál v Košiciach, skončí v múzeu  |c [autor] (tasr) 
300 |b Fotogr. 
610 2 7 |a Múzeum letectva v Košiciach.  |b Galéria lietadiel  |2 kevkjb  |9 243502 
650 0 7 |a Jak-40 (lietadlo)  |2 kevkjb  |9 1272146 
650 0 7 |a lietadlá  |2 kevkjb  |9 4248 
651 7 |a Košice (Slovensko)  |2 kevkjb  |9 18694 
773 0 |t Korzár : denník Košického kraja  |g Roč. XIX., č. 284 (8.12.2016), s. 3  |x 1338-659X 
852 |a KEVKJB  |b KIS3GCP 
999 |c 2520952  |d 2522882